| 000 | 01043nam a22002057a 4500 | ||
|---|---|---|---|
| 999 |
_c370887 _d370887 |
||
| 008 | 201130b ||||| |||| 00| 0 eng d | ||
| 040 |
_bger _cDE-2950 _erda _aDE-2950 |
||
| 041 | _ager | ||
| 100 | _aTilmann Christina: | ||
| 245 |
_aIm Abseits zu Hause. _bIn der Alten Schäferei an der Blabber hatte der Schriftsteller Günter de Bruyn sich sein Refugium geschaffen - ohne Gäste, und lange auch ohne Strom. Nun soll der abgelegene Ort mitten im Wald eine Stipendiatenherberge werden, wünschen sich die Kinder. Doch zuvor müssen noch einige Quadratmeter Bücher gesichtet und archiviert werden. / _cTilmann Christina |
||
| 264 | _c2021 | ||
| 490 |
_aBrandenburger Blätter _v02/03.10.2021 |
||
| 653 | _ade Bruyn, Günter 1926-2020 | ||
| 653 | _aSchriftsteller | ||
| 773 |
_dFrankfurt (Oder): Märkisches Verlags- und Druckhaus GmbH & Co KG _g32. Jahrgang (2021) Nr. 230 vom 02.10/03.10.2021, Journal am Wochenende, S. 4 _tMärkische Oderzeitung |
||
| 942 | _cA | ||